[Event "XVI Festival A"]
[Site "Trieste ITA"]
[Date "2014.09.03"]
[Round "6"]
[White "Kozul, Zdenko"]
[Black "Vovk, Andrey"]
[WhiteElo "2608"]
[BlackElo "2614"]
[Result "0-1"]
[PlyCount "80"]
[EventDate "2014.08.30"]

1. d4 Nf6 2. Nf3 g6 3. c4 Bg7 4. Nc3 O-O 5. e4 d6 6. Be2 e5 7. O-O Nc6 8. d5
Ne7 9. Ne1 Nd7 10. Be3 f5 11. f3 f4 12. Bf2 g5 13. a4 a5 14. Nd3 b6 15. b4 axb4
16. Nxb4 Nf6 17. Be1 Rf7 18. Nd3 Ng6 19. Nf2 Bf8 20. Nb5 h5 21. a5 bxa5 22.
Rxa5 Rxa5 23. Bxa5 g4 24. fxg4 hxg4 25. Bxg4 Nxg4 26. Nxg4 Qd7 27. h3 c5 28.
Be1 Kg7 29. Rf3 Qd8 30. Ra3 Rb7 31. Ra8 Bxg4 32. Qa1 Bc8 33. Qa6 Qg5 34. Rxc8
f3 35. Qa2 Nf4 36. g3 Nxh3+ 37. Kf1 Rf7 38. Qd2 Qg4 39. Rc7 Qxe4 40. Rxf7+ Kxf7
0-1

[Event "XVI Festival A"]
[Site "Trieste ITA"]
[Date "2014.09.03"]
[Round "6"]
[White "Larmuseau, Michiel"]
[Black "Borgo, Giulio"]
[WhiteElo "2143"]
[BlackElo "2381"]
[Result "1-0"]
[PlyCount "83"]
[EventDate "2014.08.30"]

1. e4 e6 2. d3 c5 3. Nf3 Nc6 4. g3 d5 5. Nbd2 Nf6 6. Bg2 g6 7. O-O Bg7 8. Re1
O-O 9. Qe2 a5 10. Nf1 a4 11. e5 Ng4 12. Bf4 a3 13. c3 axb2 14. Qxb2 f6 15. exf6
Qxf6 16. h3 Nh6 17. Ne5 Nf7 18. d4 g5 19. Ng4 Qg6 20. Be3 Nd6 21. Nd2 h5 22.
Ne5 Nxe5 23. dxe5 Bxe5 24. Nf3 Bf6 25. Bxc5 Nc4 26. Qb3 Re8 27. Nd4 Qf7 28. Nf5
b6 29. Bd4 Bd8 30. Re2 Bd7 31. Rae1 Rc8 32. Ne3 Nd6 33. Nc2 Bb5 34. Re3 Bc4 35.
Qb2 Qg6 36. Na3 Bf6 37. Rxe6 Qf5 38. Rxe8+ Nxe8 39. Nxc4 Bxd4 40. cxd4 dxc4 41.
Qxb6 c3 42. Bb7 1-0

[Event "XVI Festival A"]
[Site "Trieste ITA"]
[Date "2014.09.03"]
[Round "6"]
[White "Ludovici, Roberto"]
[Black "Viola, Enrico"]
[WhiteElo "1835"]
[BlackElo "1821"]
[Result "1/2-1/2"]
[PlyCount "110"]
[EventDate "2014.08.30"]

1. d4 Nf6 2. Nf3 g6 3. Nc3 d5 4. Bf4 Bg7 5. h3 O-O 6. e3 c5 7. Qd2 Ne4 8. Nxe4
dxe4 9. Ne5 cxd4 10. exd4 Nc6 11. Nxc6 bxc6 12. O-O-O Qb6 13. Qe3 Rd8 14. c3 e5
15. dxe5 Rxd1+ 16. Kxd1 Qxb2 17. Bc4 Be6 18. Bxe6 Rd8+ 19. Ke1 fxe6 20. g4 Qb1+
21. Qc1 Qxc1+ 22. Bxc1 Bxe5 23. Bd2 Rd3 24. Ke2 Bxc3 25. Bxc3 Rxc3 26. Rd1 Rc2+
27. Ke3 Rxa2 28. Kxe4 Rxf2 29. Rd8+ Rf8 30. Rd6 c5 31. Rc6 c4 32. Rxc4 g5 33.
Ke5 Rf3 34. Kxe6 Rf7 35. Rc3 Kg7 36. Kd5 a5 37. Kc6 a4 38. Kb5 Rf4 39. Rc7+ Kg6
40. Rc6+ Rf6 41. Rc3 h5 42. gxh5+ Kxh5 43. Kxa4 Kh4 44. Kb3 Rf2 45. Kc4 Rg2 46.
Kd4 Rg3 47. Rc8 Rxh3 48. Ke4 g4 49. Rh8+ Kg3 50. Rg8 Rh4 51. Ke3 Kg2 52. Ra8
Rh2 53. Kf4 g3 54. Kg4 Kf2 55. Ra2+ Ke3 1/2-1/2

[Event "XVI Festival A"]
[Site "Trieste ITA"]
[Date "2014.09.03"]
[Round "6"]
[White "Lyell, Mark"]
[Black "Drazic, Sinisa"]
[WhiteElo "2202"]
[BlackElo "2433"]
[Result "1-0"]
[PlyCount "121"]
[EventDate "2014.08.30"]

1. e4 d6 2. Nc3 Nf6 3. d4 g6 4. f3 a6 5. Be3 Nbd7 6. Qd2 b5 7. O-O-O Bb7 8. Kb1
b4 9. Na4 a5 10. Bb5 c6 11. Bc4 d5 12. Bd3 dxe4 13. fxe4 e5 14. Nf3 Ng4 15.
Nxe5 Ndxe5 16. dxe5 Nxe5 17. Bb6 Qe7 18. Bc5 Qc7 19. Qf4 Bxc5 20. Nxc5 Bc8 21.
Be2 Qe7 22. Nd3 Nxd3 23. cxd3 O-O 24. Rc1 Bd7 25. d4 b3 26. a3 Rfe8 27. Bd3 g5
28. Qg3 a4 29. Rc5 h6 30. h4 g4 31. Qf4 Kg7 32. Rf1 Rad8 33. Rh5 Rh8 34. Re5
Be6 35. d5 Qd7 36. Bc4 Rhg8 37. dxe6 Qd1+ 38. Rxd1 Rxd1+ 39. Qc1 Rxc1+ 40. Kxc1
fxe6 41. Rxe6 Rf8 42. Re7+ Kf6 43. Re6+ Kg7 44. Rd6 Rf4 45. Be2 Rf2 46. Bxg4
Rc2+ 47. Kb1 Rxg2 48. Bd1 c5 49. Rc6 Rd2 50. Kc1 Rd4 51. Rxc5 Rxe4 52. h5 Kf6
53. Rc6+ Ke5 54. Kd2 Rd4+ 55. Ke1 Re4+ 56. Be2 Rh4 57. Rxh6 Rh1+ 58. Kd2 Rb1
59. Kc3 Rc1+ 60. Kb4 Rc2 61. Bc4 1-0

[Event "XVI Festival A"]
[Site "Trieste ITA"]
[Date "2014.09.03"]
[Round "6"]
[White "Markocic, Tine"]
[Black "Makka, Ioulia"]
[WhiteElo "1981"]
[BlackElo "2124"]
[Result "1/2-1/2"]
[PlyCount "90"]
[EventDate "2014.08.30"]

1. e4 c6 2. d4 d5 3. exd5 cxd5 4. Bd3 Nc6 5. c3 Nf6 6. Bf4 g6 7. Nf3 Bg7 8.
Nbd2 Nh5 9. Be3 O-O 10. O-O a6 11. Nb3 Qd6 12. Qd2 Re8 13. Rfe1 Bh8 14. Bf1 Qc7
15. Nc5 Na5 16. b3 b6 17. Nd3 f6 18. Nf4 Nxf4 19. Bxf4 Qc6 20. Rac1 Bg4 21. c4
dxc4 22. b4 Bxf3 23. gxf3 Nb7 24. Bxc4+ Kf8 25. Bf7 Qxf3 26. Bxe8 Rxe8 27. Rc7
Nd8 28. Qe3 Qg4+ 29. Bg3 Nf7 30. Rxe7 Rxe7 31. Qxe7+ Kg7 32. d5 h5 33. d6 Qxb4
34. d7 Qd4 35. Qe6 h4 36. Bc7 Qd2 37. Re2 Qc1+ 38. Re1 Qxc7 39. Rd1 Nd8 40. Qe8
Kh7 41. Qe4 Bg7 42. Qxh4+ Kg8 43. Qa4 a5 44. Qe4 f5 45. Qe7 b5 1/2-1/2

[Event "XVI Festival A"]
[Site "Trieste ITA"]
[Date "2014.09.03"]
[Round "6"]
[White "Mazi, Leon"]
[Black "Pregarac, Valter"]
[WhiteElo "2361"]
[BlackElo "2150"]
[Result "1-0"]
[PlyCount "91"]
[EventDate "2014.08.30"]

1. e4 e5 2. Bc4 Nf6 3. d3 c6 4. Nf3 d5 5. Bb3 Bb4+ 6. c3 Bd6 7. Nbd2 O-O 8. O-O
Nbd7 9. Re1 Re8 10. Nf1 h6 11. Ng3 Nc5 12. Bc2 Qc7 13. exd5 cxd5 14. d4 Ncd7
15. dxe5 Nxe5 16. Nxe5 Bxe5 17. Be3 Bd7 18. Bd4 Bxd4 19. Qxd4 Qc4 20. Rxe8+
Bxe8 21. Nf5 Qxd4 22. Nxd4 Bd7 23. f3 Kf8 24. Rd1 Rd8 25. Bb3 Ke7 26. Nc2 Bc6
27. Ne3 g6 28. Kf2 h5 29. h4 b6 30. Rd4 Rd6 31. Nc2 Rd8 32. Nb4 Bb7 33. Nd3 Bc6
34. Nf4 Rd6 35. Ke3 Rd8 36. Rd2 Bb7 37. Kd4 Kd6 38. Re2 Rc8 39. Re1 Rc5 40. Nh3
Rc7 41. Ng5 Ba6 42. a3 Bc4 43. Bc2 Bb5 44. b3 a5 45. a4 Ba6 46. Bxg6 1-0

[Event "XVI Festival A"]
[Site "Trieste ITA"]
[Date "2014.09.03"]
[Round "6"]
[White "Santeramo, Alessia Carmen"]
[Black "Zuttioni, Federico"]
[WhiteElo "2059"]
[BlackElo "2096"]
[Result "1/2-1/2"]
[PlyCount "32"]
[EventDate "2014.08.30"]

1. e4 Nf6 2. e5 Nd5 3. d4 d6 4. c4 Nb6 5. exd6 cxd6 6. Nc3 g6 7. Be3 Bg7 8. Rc1
O-O 9. b3 N6d7 10. Be2 Nf6 11. Nf3 d5 12. O-O Bf5 13. Ne5 Nc6 14. cxd5 Nb4 15.
d6 exd6 16. Nf3 Ne4 1/2-1/2

[Event "XVI Festival A"]
[Site "Trieste ITA"]
[Date "2014.09.03"]
[Round "6"]
[White "Sepehrkhoui, Ardeshir"]
[Black "Baiocchi, Emanuele"]
[WhiteElo "2134"]
[BlackElo "1870"]
[Result "1-0"]
[PlyCount "47"]
[EventDate "2014.08.30"]

1. d4 d5 2. Nf3 Bf5 3. c4 c6 4. Nc3 e6 5. e3 Nf6 6. Qb3 Qb6 7. c5 Qxb3 8. axb3
Nbd7 9. b4 Be7 10. b5 O-O 11. b4 Ne4 12. Nxe4 Bxe4 13. Nd2 Bg6 14. Nb3 Rfc8 15.
Be2 e5 16. O-O exd4 17. exd4 Bf6 18. Be3 Nb8 19. b6 Bc2 20. Nd2 a6 21. Ra2 Bg6
22. Nb3 Nd7 23. Na5 Rab8 24. Rd1 1-0

[Event "XVI Festival A"]
[Site "Trieste ITA"]
[Date "2014.09.03"]
[Round "6"]
[White "Stark, Lars"]
[Black "Moroni, Luca jr"]
[WhiteElo "2453"]
[BlackElo "2344"]
[Result "1-0"]
[PlyCount "143"]
[EventDate "2014.08.30"]

1. c4 e6 2. g3 d5 3. Bg2 dxc4 4. Na3 Bxa3 5. bxa3 Nd7 6. Bb2 Ngf6 7. Qa4 c5 8.
Qxc4 Rb8 9. a4 b6 10. Nf3 Bb7 11. O-O O-O 12. d3 Qe7 13. Rac1 Rfd8 14. Rc2 Rbc8
15. a5 Bd5 16. Qh4 b5 17. Rfc1 h6 18. Ba3 Qf8 19. Nd2 Bxg2 20. Kxg2 Qd6 21. Kg1
Qd5 22. Nb3 Rc6 23. Qh3 Rdc8 24. Qg2 c4 25. Qxd5 exd5 26. Nd4 Ra6 27. Bb4 Rb8
28. f4 Ne8 29. Nf5 Nc7 30. Bd6 Rb7 31. Bxc7 Rxc7 32. Ne7+ Kh7 33. Nxd5 Rc5 34.
dxc4 bxc4 35. Ne3 Rcxa5 36. Nxc4 Rxa2 37. Ne3 Nf6 38. Kg2 Rxc2 39. Rxc2 Re6 40.
Kf3 g6 41. Ra2 a6 42. Nc4 Kg7 43. Ne5 Rb6 44. Ra3 h5 45. h3 Rd6 46. Rc3 Nd7 47.
Nd3 Nf8 48. Rc8 Ne6 49. Ra8 Rc6 50. Ra7 Nc7 51. Kf2 Kg8 52. g4 hxg4 53. hxg4
Rc4 54. Kf3 Kg7 55. e4 Rc3 56. Ke2 Ne6 57. f5 gxf5 58. gxf5 Nc5 59. Nxc5 Rxc5
60. Rxa6 Rc3 61. Rd6 f6 62. Rd3 Rc7 63. Ke3 Re7 64. Rd6 Kf7 65. Kd4 Kf8 66.
Rxf6+ Kg7 67. Rg6+ Kf7 68. Rh6 Re8 69. e5 Rd8+ 70. Rd6 Ra8 71. Rd7+ Ke8 72. e6
1-0

[Event "XVI Festival A"]
[Site "Trieste ITA"]
[Date "2014.09.03"]
[Round "6"]
[White "Suc, Timothy"]
[Black "Horvath, Jozsef"]
[WhiteElo "2122"]
[BlackElo "2501"]
[Result "0-1"]
[PlyCount "60"]
[EventDate "2014.08.30"]

1. e4 c5 2. Nf3 b6 3. d4 cxd4 4. Nxd4 Bb7 5. Nc3 Nf6 6. e5 Nd5 7. Qf3 Qc7 8.
Qg3 Nxc3 9. bxc3 a6 10. Be2 g6 11. Bf4 e6 12. h4 Bxg2 13. Rh2 Bb7 14. h5 g5 15.
Bd2 h6 16. f4 gxf4 17. Qxf4 Bg7 18. Rf2 Rf8 19. O-O-O Nc6 20. Nxc6 Bxc6 21. Rg1
Bxe5 22. Qxh6 Qd6 23. Qg5 f6 24. Qg6+ Kd8 25. Bh6 Re8 26. Bg7 Kc7 27. Bxf6 Rg8
28. Bxe5 Qxe5 29. Qxg8 Rxg8 30. Rxg8 Qe3+ 0-1

[Event "XVI Festival A"]
[Site "Trieste ITA"]
[Date "2014.09.03"]
[Round "6"]
[White "Sumets, Andrey"]
[Black "Popchev, Milko"]
[WhiteElo "2622"]
[BlackElo "2240"]
[Result "1/2-1/2"]
[PlyCount "83"]
[EventDate "2014.08.30"]

1. d4 e6 2. e4 d5 3. Nd2 dxe4 4. Nxe4 Bd7 5. Nf3 Bc6 6. Bd3 Bxe4 7. Bxe4 c6 8.
c3 Nf6 9. Bc2 Be7 10. O-O Nbd7 11. Qe2 O-O 12. Rd1 Re8 13. Ne5 Nf8 14. h4 N6d7
15. h5 f6 16. Nd3 Bd6 17. Bf4 Nb6 18. Qf3 Nd5 19. Bxd6 Qxd6 20. h6 Ng6 21. hxg7
Kxg7 22. Re1 Re7 23. g3 e5 24. Re4 Rf8 25. Qh5 exd4 26. Rxd4 f5 27. Re1 Rxe1+
28. Nxe1 f4 29. g4 f3 30. g5 Qe6 31. Nxf3 Ndf4 32. Qh6+ Kh8 33. Qxf8+ Nxf8 34.
Rxf4 Ng6 35. Bb3 Qh3 36. Rf6 Qg4+ 37. Kh2 Qe4 38. Kg3 c5 39. Be6 Qc6 40. Nh4
Qd6+ 41. Kg4 Ne5+ 42. Kh5 1/2-1/2

[Event "XVI Festival A"]
[Site "Trieste ITA"]
[Date "2014.09.03"]
[Round "6"]
[White "Tratar, Marko"]
[Black "Eggleston, David J."]
[WhiteElo "2490"]
[BlackElo "2398"]
[Result "1/2-1/2"]
[PlyCount "80"]
[EventDate "2014.08.30"]

1. c4 Nf6 2. Nc3 e6 3. d4 Bb4 4. Qc2 O-O 5. a3 Bxc3+ 6. Qxc3 b6 7. Bg5 Bb7 8.
f3 h6 9. Bh4 d5 10. cxd5 Nxd5 11. Bxd8 Nxc3 12. Bxc7 Nd5 13. Bxb8 Raxb8 14. e4
Ne3 15. Kd2 Nxf1+ 16. Rxf1 Rfd8 17. Ne2 f5 18. Ke3 Ba6 19. Rd1 Rbc8 20. Nc3 Rc4
21. h4 Kf7 22. Rd2 b5 23. Rhd1 b4 24. axb4 Rxb4 25. Ra1 Rd6 26. d5 Kf6 27. g3
Rb3 28. dxe6 Rxe6 29. Rd7 fxe4 30. fxe4 Rxb2 31. Rxa7 Bb7 32. Rf1+ Kg6 33. Ra5
Rb3 34. h5+ Kh7 35. Kd4 Bxe4 36. Nxe4 Rb4+ 37. Kd3 Rbxe4 38. Rf3 Re8 39. Raf5
R4e7 40. R5f4 Rd7+ 1/2-1/2

[Event "XVI Festival A"]
[Site "Trieste ITA"]
[Date "2014.09.03"]
[Round "6"]
[White "Vidic, Miha"]
[Black "Simoni, Giulio"]
[WhiteElo "2100"]
[BlackElo "1845"]
[Result "1-0"]
[PlyCount "81"]
[EventDate "2014.08.30"]

1. d4 Nf6 2. Nf3 e6 3. c4 b6 4. g3 Bb7 5. Bg2 Be7 6. Nc3 Ne4 7. Bd2 f5 8. O-O
O-O 9. d5 Na6 10. Ne1 Nxd2 11. Qxd2 Bb4 12. Nd3 Bxc3 13. Qxc3 d6 14. b4 Qe7 15.
Rae1 Qf6 16. Qxf6 Rxf6 17. a3 e5 18. e4 fxe4 19. Bxe4 Bc8 20. Kg2 Nb8 21. f3
Nd7 22. Ra1 a5 23. Rfc1 Ba6 24. Rc2 Rff8 25. Rac1 axb4 26. axb4 g6 27. h4 Nf6
28. Nf2 Bb7 29. g4 Kf7 30. g5 Nd7 31. h5 Kg7 32. Rh1 Rfc8 33. Kg3 Ra4 34. Nd3
Nf8 35. hxg6 hxg6 36. c5 bxc5 37. bxc5 Rd4 38. Rhc1 dxc5 39. Rxc5 Kg8 40. Nxe5
Rd8 41. Nc6 1-0

[Event "XVI Festival A"]
[Site "Trieste ITA"]
[Date "2014.09.03"]
[Round "6"]
[White "Wallis, Christopher"]
[Black "Lodici, Lorenzo"]
[WhiteElo "2348"]
[BlackElo "2150"]
[Result "1-0"]
[PlyCount "70"]
[EventDate "2014.08.30"]

1. d4 d5 2. c4 dxc4 3. e3 e5 4. Bxc4 Nc6 5. Nf3 e4 6. Nfd2 Qg5 7. O-O Bh3 8. g3
Bxf1 9. Kxf1 O-O-O 10. Bxf7 Qf5 11. Bxg8 Rxg8 12. Nc3 Re8 13. a3 h5 14. Kg1 h4
15. g4 Qh7 16. h3 g5 17. Qa4 Bg7 18. d5 Bxc3 19. dxc6 Bh8 20. Nb3 Qg6 21. cxb7+
Kb8 22. Nc5 Re6 23. Bd2 Rc6 24. Rc1 Rd8 25. Nd7+ Kxb7 26. Qb5+ Rb6 27. Nxb6
axb6 28. Qc4 c6 29. Bc3 Bxc3 30. Qxc3 Rd3 31. Qe5 Rd2 32. Qe7+ Ka6 33. Qb4 Rd3
34. Rc4 b5 35. Rc1 Rd5 1-0

[Event "XVI Festival A"]
[Site "Trieste ITA"]
[Date "2014.09.03"]
[Round "6"]
[White "Zamar Kodelja, Jurij"]
[Black "Cherin, Diego"]
[WhiteElo "2013"]
[BlackElo "2247"]
[Result "0-1"]
[PlyCount "42"]
[EventDate "2014.08.30"]

1. d4 c5 2. Nf3 cxd4 3. Nxd4 d5 4. Bf4 f6 5. e3 g6 6. Bb5+ Kf7 7. Qf3 Kg7 8.
Nc3 e6 9. O-O-O Bb4 10. Nxe6+ Bxe6 11. Nxd5 Bxd5 12. Rxd5 Qb6 13. Qe4 Ne7 14.
Rhd1 Nxd5 15. Rxd5 Bc5 16. Bxb8 Rhxb8 17. Rd7+ Kh8 18. Qa4 h5 19. Qf4 Bf8 20.
Qc4 Rd8 21. Rc7 Qd6 0-1

[Event "XVI Festival A"]
[Site "Trieste ITA"]
[Date "2014.09.04"]
[Round "7"]
[White "Altini, Nicola"]
[Black "Larmuseau, Michiel"]
[WhiteElo "2413"]
[BlackElo "2143"]
[Result "0-1"]
[PlyCount "148"]
[EventDate "2014.08.30"]

1. d4 Nf6 2. c4 e6 3. Nc3 Bb4 4. e3 O-O 5. Nge2 Re8 6. a3 Bf8 7. d5 d6 8. Ng3
exd5 9. cxd5 c5 10. Be2 Na6 11. O-O Rb8 12. e4 Bd7 13. f3 Nc7 14. a4 a6 15. a5
b5 16. axb6 Rxb6 17. Re1 g6 18. Ra2 Qb8 19. Bg5 Bg7 20. Qd2 Qb7 21. Bc4 Bb5 22.
Bxb5 axb5 23. Rea1 b4 24. Nd1 Nb5 25. Ne2 Nd7 26. Ne3 Qc7 27. Nc4 Rb7 28. Bf4
Nb6 29. Nxb6 Rxb6 30. Ra8 Rbb8 31. R8a6 Red8 32. Rc6 Qe7 33. Raa6 Ra8 34. Bxd6
Nxd6 35. Rxd6 Qxd6 36. Rxd6 Rxd6 37. Qc2 Ra2 38. Qxc5 Rd8 39. d6 Rxb2 40. Qc7
Bf6 41. e5 Bh4 42. Qc4 Rb1+ 43. Nc1 Bg5 44. f4 b3 45. Kf2 b2 46. Na2 Rc1 47.
Nxc1 b1=Q 48. Nd3 Qb6+ 49. Kf3 Bh6 50. Nb4 Bf8 51. Nd5 Qb7 52. Kg3 Bxd6 53.
exd6 Rxd6 54. Ne3 Qd7 55. Kf3 Rd3 56. Qe4 Qd6 57. Qe8+ Kg7 58. Qe4 Rd4 59. Qe5+
Qxe5 60. fxe5 Kf8 61. Nc2 Ra4 62. Ke3 Ke7 63. Nd4 Ra2 64. g4 Rxh2 65. Kf4 h6
66. Nc6+ Kd7 67. Nd4 Ra2 68. g5 Ra4 69. gxh6 Rxd4+ 70. Kg5 Ke6 71. h7 Rd8 72.
Kf4 Rh8 73. Kg4 Rxh7 74. Kg5 Kxe5 0-1

[Event "XVI Festival A"]
[Site "Trieste ITA"]
[Date "2014.09.04"]
[Round "7"]
[White "Baiocchi, Emanuele"]
[Black "Zamar Kodelja, Jurij"]
[WhiteElo "1870"]
[BlackElo "2013"]
[Result "1/2-1/2"]
[PlyCount "35"]
[EventDate "2014.08.30"]

1. e4 c5 2. Nc3 Nc6 3. d3 g6 4. g3 Bg7 5. Bg2 Rb8 6. Be3 d6 7. Qd2 b5 8. Nge2
b4 9. Nd1 e5 10. O-O Nge7 11. Bh6 O-O 12. Bxg7 Kxg7 13. Ne3 Nd4 14. f4 f5 15.
exf5 Nexf5 16. Nxf5+ Bxf5 17. Rae1 Nxe2+ 18. Rxe2 1/2-1/2

[Event "XVI Festival A"]
[Site "Trieste ITA"]
[Date "2014.09.04"]
[Round "7"]
[White "Barp, Alberto"]
[Black "Pregarac, Valter"]
[WhiteElo "2030"]
[BlackElo "2150"]
[Result "1-0"]
[PlyCount "111"]
[EventDate "2014.08.30"]

1. d4 Nf6 2. c4 e6 3. Nf3 Bb4+ 4. Bd2 Qe7 5. g3 Nc6 6. Bg2 Bxd2+ 7. Nbxd2 d6 8.
O-O a5 9. e4 e5 10. d5 Nb8 11. Ne1 O-O 12. Nd3 Bg4 13. f3 Bd7 14. Qe2 Na6 15.
f4 c6 16. fxe5 dxe5 17. Qe3 Ng4 18. Qb6 Nb4 19. Nxb4 axb4 20. Nb3 Bc8 21. h3
Nh6 22. g4 cxd5 23. cxd5 Ra6 24. Qc5 Qh4 25. Qf2 Qg5 26. Qd2 Qh4 27. Rf3 Rg6
28. Qf2 Qe7 29. Rc1 Ra6 30. Qc5 Qxc5+ 31. Nxc5 Rg6 32. Nd3 f6 33. Nxb4 Nf7 34.
Kh2 h5 35. gxh5 Rh6 36. Rc7 Rxh5 37. Rfc3 Nd6 38. Rg3 Rf7 39. Rgc3 Bd7 40. Ra3
Nb5 41. Ra8+ Kh7 42. Rxb7 Nd6 43. Rbb8 Kg6 44. Ra7 Bxh3 45. Rxf7 Bxg2+ 46. Kxg2
Kxf7 47. a4 Rg5+ 48. Kf3 f5 49. exf5 e4+ 50. Ke3 Rg4 51. a5 Nc4+ 52. Kd4 Nxa5
53. Nc6 e3+ 54. Kxe3 Nc4+ 55. Kd3 Nd6 56. Ne5+ 1-0

[Event "XVI Festival A"]
[Site "Trieste ITA"]
[Date "2014.09.04"]
[Round "7"]
[White "Blasco, Domenico"]
[Black "Heikkila, Antti"]
[WhiteElo "1874"]
[BlackElo "1953"]
[Result "0-1"]
[PlyCount "106"]
[EventDate "2014.08.30"]

1. d4 c5 2. c3 cxd4 3. cxd4 d5 4. Nf3 Nf6 5. e3 g6 6. Bd3 Bg7 7. O-O O-O 8. Ne5
Ne8 9. Nc3 f6 10. Nf3 Nc6 11. b3 Kh8 12. Ba3 Qa5 13. Qc1 Bg4 14. Nd2 Rc8 15.
Qb2 Qd8 16. h3 Bf5 17. Bxf5 gxf5 18. Nf3 Nc7 19. Rfd1 Rg8 20. Qc2 Qd7 21. Nh4
e6 22. Rac1 Bh6 23. f4 Qf7 24. Qe2 Bf8 25. Bb2 Qg7 26. Qf2 Qd7 27. Kh1 Be7 28.
Na4 b6 29. Nc3 Rg7 30. Qc2 Ne8 31. Qe2 Nd6 32. a3 Rcg8 33. Qh5 Bd8 34. Rc2 Na5
35. Nxd5 exd5 36. a4 Nxb3 37. Ba3 Ne4 38. Nxf5 Qxf5 39. Qxf5 Ng3+ 40. Kh2 Nxf5
41. Rd3 Na5 42. g4 Ne7 43. e4 h5 44. e5 Ng6 45. Bc1 hxg4 46. hxg4 Rh7+ 47. Kg3
Rh1 48. exf6 Rg1+ 49. Kf2 Rxg4 50. f5 Nh4 51. f7 Rg2+ 52. Kf1 Rg1+ 53. Ke2
R1g2+ 0-1

[Event "XVI Festival A"]
[Site "Trieste ITA"]
[Date "2014.09.04"]
[Round "7"]
[White "Cherin, Diego"]
[Black "Sumets, Andrey"]
[WhiteElo "2247"]
[BlackElo "2622"]
[Result "1/2-1/2"]
[PlyCount "99"]
[EventDate "2014.08.30"]

1. e4 c6 2. d4 d5 3. e5 Bf5 4. c4 e6 5. Nc3 Nd7 6. Nge2 h6 7. Ng3 Bh7 8. cxd5
cxd5 9. Bd3 Bxd3 10. Qxd3 Ne7 11. O-O a6 12. Be3 g6 13. Rac1 h5 14. Bg5 Bh6 15.
Bxh6 Rxh6 16. Qd2 Rh8 17. Na4 Nc6 18. Ne2 Qa5 19. Qd1 Rc8 20. Nc5 Nxc5 21. Rxc5
Qb4 22. Qc2 Kd7 23. Rc1 Rc7 24. a3 Qb6 25. b4 Rhc8 26. Qd2 Qa7 27. Qg5 b6 28.
R5c3 Ne7 29. Qd2 Rc4 30. h3 Ke8 31. g4 hxg4 32. hxg4 b5 33. Kg2 Nc6 34. Rh1 Qe7
35. Rxc4 bxc4 36. Qf4 a5 37. b5 Nd8 38. Rh3 a4 39. Qc1 Qa7 40. Qc3 Nb7 41. Rh8+
Kd7 42. Rh7 Rf8 43. Nf4 Ke8 44. Qb2 Qb6 45. Kg3 Rg8 46. Kf3 Rf8 47. Ke3 Qa5 48.
Ne2 Kd7 49. Qb1 Ke8 50. g5 1/2-1/2

[Event "XVI Festival A"]
[Site "Trieste ITA"]
[Date "2014.09.04"]
[Round "7"]
[White "De Schampheleire, Glen"]
[Black "Dvirnyy, Danyyil"]
[WhiteElo "2307"]
[BlackElo "2530"]
[Result "0-1"]
[PlyCount "120"]
[EventDate "2014.08.30"]

1. Nf3 d5 2. g3 c6 3. Bg2 Bg4 4. O-O Nd7 5. d4 e6 6. Nbd2 Ngf6 7. Re1 Be7 8. e4
h6 9. e5 Nh7 10. h3 Bh5 11. g4 Bg6 12. Nf1 b5 13. Ng3 O-O 14. a4 a5 15. Bd2 Nb6
16. axb5 Nc4 17. b3 Nxd2 18. Nxd2 cxb5 19. f4 Bh4 20. Ndf1 f6 21. c4 bxc4 22.
bxc4 fxe5 23. f5 exf5 24. Bxd5+ Kh8 25. Bxa8 Qxa8 26. Rxe5 Ng5 27. Rexa5 Qb7
28. gxf5 Nf3+ 29. Kf2 Bh5 30. Qb1 Qc6 31. Qb5 Qf6 32. Qd5 Ng5 33. Ra8 Nxh3+ 34.
Ke1 Kh7 35. Rxf8 Qxf8 36. Kd2 Qb8 37. Kc2 Bxg3 38. Nxg3 Qxg3 39. Ra8 Bf7 40.
Qxf7 Qg2+ 41. Kb3 Qxa8 42. c5 Nf4 43. f6 Qf3+ 44. Ka2 Qe2+ 45. Kb3 Qd1+ 46. Ka2
Qd2+ 47. Kb3 Qe3+ 48. Ka2 Qe2+ 49. Kb3 Qd3+ 50. Ka2 Qg6 51. Qxg6+ Kxg6 52. fxg7
Kxg7 53. c6 Nd5 54. Kb3 Kf6 55. Kc4 Ke6 56. Kd3 Kd6 57. Ke4 Kxc6 58. Ke5 Ne7
59. Ke6 h5 60. Kxe7 Kd5 0-1

[Event "XVI Festival A"]
[Site "Trieste ITA"]
[Date "2014.09.04"]
[Round "7"]
[White "Drazic, Sinisa"]
[Black "Sepehrkhoui, Ardeshir"]
[WhiteElo "2433"]
[BlackElo "2134"]
[Result "1-0"]
[PlyCount "81"]
[EventDate "2014.08.30"]

1. d4 Nf6 2. c4 c6 3. Nc3 d5 4. Nf3 a6 5. a4 a5 6. Bg5 Qb6 7. Qc2 Na6 8. Bxf6
Nb4 9. Qd2 exf6 10. cxd5 cxd5 11. e3 Be7 12. Bb5+ Kf8 13. O-O g6 14. Ne1 Be6
15. Nd3 Nxd3 16. Qxd3 Kg7 17. Rfc1 Rad8 18. Ne2 Bd6 19. Nf4 h5 20. Rc3 Bb8 21.
Rac1 Bf5 22. Qd2 g5 23. Bd3 Bd7 24. Ne2 Bd6 25. Qd1 Bb8 26. Ng3 Qd6 27. Qb3 h4
28. Nf1 b6 29. Qd1 Qb4 30. b3 Rhf8 31. Qf3 Be6 32. Bf5 Rfe8 33. g3 hxg3 34.
hxg3 Re7 35. Nh2 Bxf5 36. Qxf5 Re6 37. Kg2 Qd6 38. Ng4 Rh8 39. Rc8 Rhe8 40.
Rxe8 Rxe8 41. Rh1 1-0

[Event "XVI Festival A"]
[Site "Trieste ITA"]
[Date "2014.09.04"]
[Round "7"]
[White "Eggleston, David J."]
[Black "Stark, Lars"]
[WhiteElo "2398"]
[BlackElo "2453"]
[Result "1-0"]
[PlyCount "56"]
[EventDate "2014.08.30"]

1. e4 e6 2. d4 d5 3. Nc3 Nc6 4. Nf3 Nf6 5. e5 Ne4 6. Ne2 f6 7. Ng3 f5 8. Bd3
Be7 9. h4 Nxg3 10. fxg3 Nb4 11. Ng5 Nxd3+ 12. cxd3 c5 13. dxc5 Bxc5 14. Qh5+ g6
15. Qe2 h5 16. Be3 Qa5+ 17. Kf2 Be7 18. Rhc1 Bd7 19. a3 Bxg5 20. Bxg5 O-O 21.
Qe3 Kh7 22. b4 Qa4 23. Rc7 b6 24. b5 Qxb5 25. Rb1 Qa4 26. Rb4 Rfc8 27. Rxc8
Rxc8 28. Rxa4 Bxa4 1-0

[Event "XVI Festival A"]
[Site "Trieste ITA"]
[Date "2014.09.04"]
[Round "7"]
[White "Franca, Veronika"]
[Black "Suc, Timothy"]
[WhiteElo "1952"]
[BlackElo "2122"]
[Result "0-1"]
[PlyCount "68"]
[EventDate "2014.08.30"]

1. d4 d6 2. Nf3 g6 3. c4 Bg7 4. Nc3 Nf6 5. e4 O-O 6. Be2 e5 7. d5 a5 8. Bg5 h6
9. Bh4 Na6 10. Nd2 Qe8 11. a3 Bd7 12. b3 Nh7 13. Rb1 h5 14. f3 Bh6 15. Bf2 Qe7
16. Qc2 Qg5 17. Nf1 f5 18. h4 Qe7 19. b4 axb4 20. axb4 Nf6 21. Bd3 c5 22. dxc6
bxc6 23. exf5 e4 24. fxe4 gxf5 25. Be2 Nxe4 26. Nxe4 fxe4 27. Bxh5 d5 28. Qb3
Qf6 29. Qg3+ Kh8 30. cxd5 Nxb4 31. Rxb4 Ra1+ 32. Bd1 Bg4 33. Rd4 c5 34. Qc3
Qxf2# 0-1

[Event "XVI Festival A"]
[Site "Trieste ITA"]
[Date "2014.09.04"]
[Round "7"]
[White "Horvath, Csaba"]
[Black "Kozul, Zdenko"]
[WhiteElo "2540"]
[BlackElo "2608"]
[Result "1/2-1/2"]
[PlyCount "86"]
[EventDate "2014.08.30"]

1. d4 Nf6 2. c4 g6 3. Nc3 Bg7 4. e4 d6 5. Be2 O-O 6. Bg5 Nbd7 7. f3 e5 8. d5 a5
9. Nh3 Nc5 10. Nf2 c6 11. Qd2 cxd5 12. cxd5 Bd7 13. g4 Qe8 14. h4 h5 15. Bxf6
Bxf6 16. gxh5 b5 17. Ng4 Bxg4 18. fxg4 b4 19. Nb5 Qd7 20. g5 Bd8 21. Qe3 Rb8
22. Qh3 f5 23. gxf6 Qxh3 24. Rxh3 Rxf6 25. Na7 Rf4 26. O-O-O Rxe4 27. Nc6 Ra8
28. Rg1 Rxe2 29. Rxg6+ Kh7 30. Rf3 Rf2 31. Rxf2 Nd3+ 32. Kc2 Nxf2 33. Rxd6 Bxh4
34. Nxe5 Ne4 35. Rc6 Bg3 36. Ng4 Rg8 37. Rh6+ Kg7 38. Rg6+ Kf8 39. Rxg8+ Kxg8
40. Kb3 Bc7 41. Kc4 Kf7 42. Kb5 Kg7 43. Ne3 Kh6 1/2-1/2

[Event "XVI Festival A"]
[Site "Trieste ITA"]
[Date "2014.09.04"]
[Round "7"]
[White "Horvath, Jozsef"]
[Black "Wallis, Christopher"]
[WhiteElo "2501"]
[BlackElo "2348"]
[Result "0-1"]
[PlyCount "54"]
[EventDate "2014.08.30"]

1. c4 e5 2. g3 Nf6 3. Bg2 c6 4. d4 exd4 5. Qxd4 Na6 6. Nf3 Bc5 7. Qe5+ Be7 8.
O-O O-O 9. Nc3 Re8 10. Qd4 Nc5 11. Rd1 Qb6 12. b3 d6 13. h3 Bf8 14. Be3 Qc7 15.
Rac1 Bf5 16. Qf4 Qc8 17. g4 Bd7 18. Nh4 h6 19. Bxc5 dxc5 20. e4 Nh7 21. Qg3 g5
22. Nf3 Bg7 23. e5 f5 24. exf6 Nxf6 25. Nd2 Re7 26. Qd6 Qf8 27. Na4 Re1+ 0-1